|
|
|
|
| LEADER |
01411nam a22003017a 4500 |
| 001 |
34808 |
| 003 |
BD-DhAAL |
| 005 |
20250826130413.0 |
| 008 |
190721r20171997bg 000 0 ben d |
| 020 |
|
|
|a 9844460425
|
| 040 |
|
|
|a BD-DhAAL
|
| 082 |
0 |
0 |
|a 891.44
|
| 100 |
1 |
|
|a ইকবাল, মুহম্মদ জাফর
|9 8824
|
| 245 |
1 |
0 |
|a সায়েন্স ফিকশান সমগ্র,
|n ২ /
|c মুহম্মদ জাফর ইকবাল.
|
| 246 |
|
|
|a Science fiction samagra vol II
|
| 260 |
|
|
|a ঢাকা :
|b প্রতীক,
|c ১৯৯৭ [ঊনবিংশ মুদ্রণ ২০১৭].
|
| 300 |
|
|
|a ৫০৩ পৃষ্ঠা ;
|c ২২ সে.মি.
|
| 362 |
|
|
|a Vol. 2
|
| 504 |
|
|
|6 Novel
|
| 526 |
|
|
|a Residential Campus
|
| 541 |
1 |
|
|a Development Book Agency
|e 34808
|
| 650 |
|
0 |
|a Bengali fiction.
|9 6008
|
| 650 |
|
0 |
|a Science fiction, Bengali.
|9 58796
|
| 852 |
|
|
|a Savar Campus Library
|c General Stacks
|
| 942 |
|
|
|2 ddc
|c BK
|
| 999 |
|
|
|c 40896
|d 40896
|
| 952 |
|
|
|0 0
|1 0
|2 ddc
|4 0
|6 891_440000000000000_IQB
|7 0
|9 65655
|a SCL
|b SCL
|c GEN
|d 2019-07-17
|e Development Book Agency
|g 531.67
|l 9
|m 19
|o 891.44 IQB
|p 3020034808
|r 2024-11-03
|s 2024-10-28
|t 1
|v 531.67
|w 2019-07-17
|y BK
|
| 952 |
|
|
|0 0
|1 0
|2 ddc
|4 0
|6 891_440000000000000_IQB
|7 0
|9 65829
|a BRACUL
|b BRACUL
|c GEN
|d 2019-07-24
|e Development Book Agency
|g 531.67
|l 13
|m 112
|o 891.44 IQB
|p 3010034978
|r 2025-12-21
|s 2025-12-14
|t 2
|v 531.67
|w 2019-07-24
|y BK
|